[Event "4th EUR-ch"]
[Site "Istanbul TUR"]
[Date "2003.06.05"]
[Round "6.43"]
[White "Gagunashvili, Merab"]
[Black "Arlandi, Ennio"]
[Result "1-0"]
[WhiteElo "2580"]
[BlackElo "2456"]
[EventDate "2003.05.30"]
[PlyCount "61"]

1.e4 c5 2.Nf3 e6 3.d4 cxd4 4.Nxd4 Nf6 5.Nc3 d6 6.Be3 a6 7.f3 b5 8.Qd2 Nbd7
9.g4 h6 10.h4 b4 11.Na4 d5 12.Bh3 dxe4 13.g5 hxg5 14.hxg5 Nd5 15.g6 Ne5 
16.gxf7+ Kxf7 17.fxe4 Nxe3 18.Qxe3 Qh4+ 19.Ke2 Qh5+ 20.Kf2 Ke8 21.Bxe6 
Qxh1 22.Rxh1 Rxh1 23.Qg3 Bd6 24.Qxg7 Bxe6 25.Nxe6 Rh2+ 26.Kf1 Nf3 27.Nb6 
Nd2+ 28.Ke1 Nf3+ 29.Kd1 Rd2+ 30.Kc1 Be5 31.Qf8# 1-0

[Event "4th EUR-ch"]
[Site "Istanbul TUR"]
[Date "2003.06.05"]
[Round "6.44"]
[White "Sulskis, Sarunas"]
[Black "Kritz, Leonid"]
[Result "1-0"]
[WhiteElo "2578"]
[BlackElo "2468"]
[EventDate "2003.05.30"]
[PlyCount "51"]

1.e4 c6 2.c4 d5 3.exd5 cxd5 4.d4 Nf6 5.Nc3 e6 6.Nf3 Bb4 7.cxd5 Nxd5 8.Bd2 
Nc6 9.Bd3 Be7 10.O-O O-O 11.Re1 Bf6 12.Ne4 Nxd4 13.Nxf6+ Qxf6 14.Ng5 Nf5 
15.g4 h6 16.Ne4 Qd4 17.Bc3 Qb6 18.gxf5 exf5 19.Ng3 f4 20.Bd4 Qd8 21.Nf5 g6
22.Nxh6+ Kh7 23.Qh5 Nf6 24.Bxf6 Qxd3 25.Qh4 Qh3 26.Nf5+ 1-0

[Event "4th EUR-ch"]
[Site "Istanbul TUR"]
[Date "2003.06.05"]
[Round "6.45"]
[White "Guseinov, Kadir"]
[Black "Timofeev, Artiom"]
[Result "1/2-1/2"]
[WhiteElo "2505"]
[BlackElo "2577"]
[EventDate "2003.05.30"]
[PlyCount "112"]

1.e4 c5 2.Nf3 d6 3.d4 cxd4 4.Nxd4 Nf6 5.Nc3 Nc6 6.Bg5 e6 7.Qd2 Qb6 8.O-O-O
Qxd4 9.Qxd4 Nxd4 10.Rxd4 a6 11.Be2 Bd7 12.Na4 Bc6 13.Nb6 Rd8 14.f3 Be7 15.
Rhd1 h6 16.Bh4 d5 17.e5 Bc5 18.exf6 g5 19.Bg3 Bxb6 20.Rb4 Bc5 21.Rb3 Bd6 
22.Bxd6 Rxd6 23.c4 Rg8 24.c5 Rd8 25.Rb6 Kd7 26.b4 Kc7 27.Bd3 g4 28.f4 g3 
29.h3 d4 30.Rd2 Rge8 31.Re2 h5 32.Kd2 h4 33.Be4 d3 34.Re3 Bxe4 35.Rxe4 Rd5
36.a4 Red8 37.a5 Rd4 38.Rxd4 Rxd4 39.c6 bxc6 40.Rxa6 Rxf4 41.Ra7+ Kd6 42.
Rxf7 Rf2+ 43.Kxd3 Rxg2 44.Rh7 Rf2 45.Rxh4 Rxf6 46.Rg4 g2 47.Rxg2 Rf3+ 48.
Kc4 Rxh3 49.Rd2+ Kc7 50.Re2 Kd6 51.Ra2 Kc7 52.a6 Rh4+ 53.Kc5 Rh5+ 54.Kd4 
Rh4+ 55.Ke5 Kb8 56.Kxe6 Rxb4 1/2-1/2

[Event "4th EUR-ch"]
[Site "Istanbul TUR"]
[Date "2003.06.05"]
[Round "6.47"]
[White "Bacrot, Etienne"]
[Black "Nataf, Igor-Alexandre"]
[Result "1/2-1/2"]
[WhiteElo "2654"]
[BlackElo "2559"]
[EventDate "2003.05.30"]
[PlyCount "49"]

1.d4 Nf6 2.c4 g6 3.Nc3 Bg7 4.e4 d6 5.Nf3 O-O 6.Be2 e5 7.O-O Na6 8.Re1 c6 
9.Bf1 exd4 10.Nxd4 Ng4 11.h3 Qb6 12.hxg4 Qxd4 13.g5 Nc5 14.Qc2 Qe5 15.Be3 
Qe7 16.Rad1 b6 17.b4 Ne6 18.b5 Bb7 19.bxc6 Bxc6 20.Nd5 Qd8 21.f4 Nc5 22.
Bxc5 bxc5 23.e5 dxe5 24.Nf6+ Bxf6 25.Rxd8 1/2-1/2

[Event "4th EUR-ch"]
[Site "Istanbul TUR"]
[Date "2003.06.05"]
[Round "6.51"]
[White "Volkov, Sergei"]
[Black "David, Alberto"]
[Result "1/2-1/2"]
[WhiteElo "2634"]
[BlackElo "2548"]
[EventDate "2003.05.30"]
[PlyCount "114"]

1.d4 d5 2.c4 dxc4 3.e4 Nf6 4.e5 Nd5 5.Bxc4 Nb6 6.Bd3 Nc6 7.Ne2 Bg4 8.Be3 
Qd7 9.Nbc3 O-O-O 10.Be4 Bf5 11.O-O Bxe4 12.Nxe4 e6 13.a3 Be7 14.Qc2 f5 15.
exf6 gxf6 16.b4 Rhg8 17.b5 Na5 18.a4 f5 19.Nc5 Bxc5 20.dxc5 Nbc4 21.Rad1 
Qg7 22.Nf4 Qf7 23.b6 axb6 24.cxb6 e5 25.bxc7 Rxd1 26.Rxd1 exf4 27.Bxf4 Re8
28.g3 Nc6 29.a5 Re4 30.a6 bxa6 31.Qa4 N4e5 32.Qxa6+ Kxc7 33.Rc1 Qd5 34.
Qa7+ Kd8 35.Qa8+ Kd7 36.Qb7+ Ke6 37.Qxh7 Rd4 38.Re1 Rd1 39.Qg6+ Ke7 40.
Bg5+ Kd7 41.Qxf5+ Kc7 42.Qh7+ Kc8 43.Rxd1 Qxd1+ 44.Kg2 Qf3+ 45.Kg1 Qd1+ 
46.Kg2 Qd5+ 47.Kh3 Qe6+ 48.Kg2 Qd5+ 49.Kh3 Nd4 50.Qh8+ Kb7 51.Qg7+ Ka6 52.
Be3 Ndf3 53.Qa7+ Kb5 54.Qb6+ Kc4 55.Qa6+ Kb3 56.Qb6+ Kc4 57.Qa6+ Kb3 
1/2-1/2

[Event "4th EUR-ch"]
[Site "Istanbul TUR"]
[Date "2003.06.05"]
[Round "6.52"]
[White "Krasenkow, Michal"]
[Black "Georgiev, Krum"]
[Result "1-0"]
[WhiteElo "2609"]
[BlackElo "2516"]
[EventDate "2003.05.30"]
[PlyCount "117"]

1.d4 Nf6 2.c4 g6 3.Nc3 Bg7 4.e4 d6 5.Nf3 O-O 6.Be2 e5 7.O-O Na6 8.Re1 Qe8 
9.Bf1 Bg4 10.d5 c5 11.dxc6 Bxf3 12.gxf3 bxc6 13.Qxd6 Nh5 14.Ne2 Qc8 15.Rd1
Re8 16.Qd7 Nb4 17.Qxc8 Rexc8 18.c5 Rcb8 19.b3 a5 20.Bd2 Bf8 21.Bc3 Bxc5 
22.Bxe5 Re8 23.Bc3 Red8 24.Rxd8+ Rxd8 25.a3 Nd3 26.Bxa5 Ra8 27.Bd2 Nxf2 
28.Kg2 Rd8 29.Bh6 Nd3 30.a4 f6 31.h4 Kf7 32.Bd2 g5 33.hxg5 fxg5 34.Bc3 Ba7
35.a5 Kg6 36.a6 g4 37.fxg4 Nf6 38.Rd1 Kg5 39.Nd4 Nf4+ 40.Kf3 Nxg4 41.Bd2 
Nh2+ 42.Kg3 Nxf1+ 43.Rxf1 Rxd4 44.Bxf4+ Kg6 45.e5 Rb4 46.Rf3 h5 47.Bd2 Rb6
48.Rf6+ Kg7 49.Bh6+ Kh7 50.e6 Rxb3+ 51.Rf3 Rxf3+ 52.Kxf3 Kg6 53.Be3 Bb8 
54.e7 Kf7 55.Bc5 Ke8 56.Kg2 Kd7 57.Kh3 Ba7 58.Bxa7 Kxe7 59.Bc5+ 1-0

[Event "4th EUR-ch"]
[Site "Istanbul TUR"]
[Date "2003.06.05"]
[Round "6.53"]
[White "Halkias, Stelios"]
[Black "Efimenko, Zahar"]
[Result "1-0"]
[WhiteElo "2542"]
[BlackElo "2599"]
[EventDate "2003.05.30"]
[PlyCount "37"]

1.d4 Nf6 2.c4 g6 3.Nc3 Bg7 4.e4 d6 5.Nf3 O-O 6.Be2 e5 7.Be3 Na6 8.O-O Ng4 
9.Bg5 Qe8 10.dxe5 dxe5 11.Nd2 f6 12.Bh4 Nh6 13.Re1 Nc5 14.b4 Ne6 15.Nb3 c6
16.c5 f5 17.exf5 gxf5 18.Bh5 Nf7 19.a3 1-0

[Event "4th EUR-ch"]
[Site "Istanbul TUR"]
[Date "2003.06.05"]
[Round "6.54"]
[White "Zelcic, Robert"]
[Black "Istratescu, Andrei"]
[Result "1-0"]
[WhiteElo "2540"]
[BlackElo "2593"]
[EventDate "2003.05.30"]
[PlyCount "89"]

1.e4 c5 2.Nf3 e6 3.d4 cxd4 4.Nxd4 a6 5.Nc3 b5 6.Bd3 Qb6 7.Nf3 Qc7 8.O-O 
Bb7 9.e5 Nc6 10.Bf4 Nge7 11.Bg3 b4 12.Nb1 Ng6 13.Re1 Rd8 14.Qe2 Bc5 15.
Nbd2 Nd4 16.Nxd4 Bxd4 17.Nc4 O-O 18.Rad1 Qc5 19.Nd6 Ba8 20.h4 f6 21.exf6 
Rxf6 22.Ne4 Bxe4 23.Bxe4 Rdf8 24.Bf3 e5 25.Rd3 Bxb2 26.Rxd7 Bd4 27.Qe4 Nf4
28.Rd1 Kh8 29.Rd2 Bc3 30.Rd1 Bd4 31.Qb7 Qxc2 32.Rxg7 Ne6 33.Rxd4 exd4 34.
Re7 Nd8 35.Qd7 Nf7 36.Qxd4 Qc3 37.Qe4 Rg6 38.Rxf7 Qc1+ 39.Kh2 Rxf7 40.Qe8+
Kg7 41.Be5+ Rgf6 42.Bd5 Rf8 43.Bxf6+ Rxf6 44.Qe7+ Kg6 45.Qe4+ 1-0

[Event "4th EUR-ch"]
[Site "Istanbul TUR"]
[Date "2003.06.05"]
[Round "6.55"]
[White "Kurnosov, Igor"]
[Black "Huzman, Alexander"]
[Result "0-1"]
[WhiteElo "2500"]
[BlackElo "2589"]
[EventDate "2003.05.30"]
[PlyCount "64"]

1.e4 c6 2.d4 d5 3.e5 Bf5 4.Be3 e6 5.Nd2 Qb6 6.Nb3 Nd7 7.Nf3 h6 8.Be2 Ne7 
9.O-O g5 10.c4 Bg6 11.Rc1 Bg7 12.cxd5 cxd5 13.Bd3 O-O 14.Qd2 Bxd3 15.Qxd3 
Rfc8 16.h3 a6 17.Qd2 Nf5 18.g4 Nxe3 19.fxe3 Rc6 20.Na5 Rxc1 21.Rxc1 f6 22.
Qc3 fxe5 23.Nxe5 Nxe5 24.dxe5 Rf8 25.Nb3 Qd8 26.Kg2 Qb8 27.Qc7 Bxe5 28.Qb6
Qd6 29.Qxb7 Bh2 30.Kh1 Qg3 31.Qxa6 Qxh3 32.Qxe6+ Kh8 0-1

[Event "4th EUR-ch"]
[Site "Istanbul TUR"]
[Date "2003.06.05"]
[Round "6.57"]
[White "Bischoff, Klaus"]
[Black "Palac, Mladen"]
[Result "1-0"]
[WhiteElo "2564"]
[BlackElo "2587"]
[EventDate "2003.05.30"]
[PlyCount "63"]

1.b3 Nf6 2.Bb2 g6 3.c4 Bg7 4.g3 O-O 5.Bg2 c5 6.Nf3 d6 7.O-O e5 8.d3 Nc6 9.
Nc3 h6 10.Ne1 Bg4 11.h3 Be6 12.Nd5 Ne7 13.e4 Nc6 14.Nc2 Qd7 15.Kh2 Nh7 16.
Rb1 Nd4 17.Nxd4 cxd4 18.f4 f5 19.fxe5 Bxd5 20.cxd5 Bxe5 21.Qd2 Qg7 22.Bc1 
fxe4 23.dxe4 Bxg3+ 24.Kg1 Rxf1+ 25.Bxf1 Rf8 26.Qg2 Qe5 27.Rb2 d3 28.Rd2 
Qd4+ 29.Kh1 Qa1 30.Rd1 Qe5 31.Bb2 Qh5 32.Qxg3 1-0

[Event "4th EUR-ch"]
[Site "Istanbul TUR"]
[Date "2003.06.05"]
[Round "6.59"]
[White "Izoria, Zviad"]
[Black "Comas i Fabrego, Lluis"]
[Result "1/2-1/2"]
[WhiteElo "2569"]
[BlackElo "2490"]
[EventDate "2003.05.30"]
[PlyCount "49"]

1.d4 Nf6 2.c4 g6 3.Nf3 Bg7 4.g3 O-O 5.Bg2 d6 6.O-O Nbd7 7.Nc3 e5 8.h3 Re8 
9.e4 exd4 10.Nxd4 a6 11.Rb1 Rb8 12.Bf4 h6 13.Re1 Nc5 14.Kh2 Bd7 15.a4 Nh7 
16.b4 Nxa4 17.Nxa4 Bxa4 18.Qd2 h5 19.b5 axb5 20.cxb5 c6 21.Rb4 cxb5 22.
Nxb5 Bxb5 23.Rxb5 Be5 24.Bxe5 dxe5 25.Qxd8 1/2-1/2

[Event "4th EUR-ch"]
[Site "Istanbul TUR"]
[Date "2003.06.05"]
[Round "6.60"]
[White "Dizdarevic, Emir"]
[Black "Nevednichy, Vladislav"]
[Result "1-0"]
[WhiteElo "2491"]
[BlackElo "2569"]
[EventDate "2003.05.30"]
[PlyCount "99"]

1.Nf3 g6 2.c4 Bg7 3.d4 d6 4.Nc3 Nf6 5.g3 O-O 6.Bg2 Nc6 7.O-O Rb8 8.Ne1 Nd7
9.Be3 a6 10.Rc1 Na5 11.b3 e6 12.Qd2 b6 13.Bg5 f6 14.Bh6 Qe7 15.Bxg7 Kxg7 
16.Nd3 Bb7 17.d5 e5 18.Na4 Bc8 19.c5 dxc5 20.Naxc5 Nxc5 21.Nxc5 Rd8 22.
Rfd1 h5 23.Qc3 c6 24.Na4 cxd5 25.Rxd5 Be6 26.Nxb6 Nxb3 27.axb3 Bxd5 28.
Nxd5 Qf7 29.e4 Rdc8 30.Qxc8 Rxc8 31.Rxc8 Kh6 32.Rc6 a5 33.h4 Qb7 34.Rb6 
Qc8 35.Nxf6 Qc2 36.Nd5 Kg7 37.Rb7+ Kg8 38.Rb5 Qb1+ 39.Kh2 Qa2 40.Rb6 Kg7 
41.f4 exf4 42.Nxf4 Qb2 43.Rxg6+ Kf7 44.Rg5 Qc3 45.Rxh5 Kg7 46.Rb5 Qd2 47.
e5 Kf8 48.Rb7 Qb2 49.e6 Ke8 50.Ng6 1-0

[Event "4th EUR-ch"]
[Site "Istanbul TUR"]
[Date "2003.06.05"]
[Round "6.61"]
[White "Ruck, Robert"]
[Black "Genov, Petar"]
[Result "1-0"]
[WhiteElo "2569"]
[BlackElo "2490"]
[EventDate "2003.05.30"]
[PlyCount "63"]

1.Nf3 Nf6 2.c4 b6 3.Nc3 Bb7 4.d4 e6 5.a3 d5 6.Bg5 Be7 7.Qa4+ Qd7 8.Qb3 
dxc4 9.Qxc4 Ba6 10.Qb3 Nc6 11.Rd1 Rd8 12.Qa4 Nb8 13.Qc2 O-O 14.e4 Bxf1 15.
Kxf1 h6 16.h4 Nh7 17.Bf4 f5 18.h5 fxe4 19.Ne5 Qe8 20.Ng6 Rf7 21.Bxc7 Rc8 
22.Bxb8 Rxb8 23.Qxe4 Ng5 24.Qc2 Rc8 25.Rd3 b5 26.Kg1 Bd6 27.g3 a5 28.f4 b4
29.axb4 axb4 30.fxg5 bxc3 31.bxc3 Bxg3 32.gxh6 1-0

[Event "4th EUR-ch"]
[Site "Istanbul TUR"]
[Date "2003.06.05"]
[Round "6.62"]
[White "Rotsagov, Mihhail"]
[Black "Anastasian, Ashot"]
[Result "0-1"]
[WhiteElo "2487"]
[BlackElo "2561"]
[EventDate "2003.05.30"]
[PlyCount "98"]

1.e4 e6 2.d4 d5 3.Nc3 Be7 4.Bd3 dxe4 5.Nxe4 Nf6 6.Nf3 Nbd7 7.O-O O-O 8.Qe2
b6 9.Rd1 Bb7 10.c4 c5 11.Nxf6+ Bxf6 12.dxc5 bxc5 13.Be4 Qc7 14.Rb1 Rfd8 
15.Bxb7 Qxb7 16.Bg5 Ne5 17.Bxf6 Nxf3+ 18.Qxf3 Qxf3 19.gxf3 gxf6 20.Kf1 a5 
21.Ke2 Kf8 22.b3 Ke7 23.a3 Rab8 24.Rxd8 Kxd8 25.Kd3 Kc7 26.Kc3 Rg8 27.b4 
axb4+ 28.axb4 cxb4+ 29.Rxb4 Rg2 30.Ra4 Rxf2 31.Ra7+ Kc6 32.Rxf7 Rxf3+ 33.
Kb4 h5 34.Ra7 Kb6 35.Rh7 Rf5 36.Re7 Re5 37.Rh7 Kc6 38.Rh8 f5 39.Rxh5 Re2 
40.Rh6 Kd6 41.c5+ Ke5 42.Kc3 Kd5 43.Kd3 Ra2 44.Ke3 Ra3+ 45.Kf2 Ra5 46.Rh4 
Rxc5 47.Rh6 e5 48.Rf6 Rc2+ 49.Kf1 Rxh2 0-1

[Event "4th EUR-ch"]
[Site "Istanbul TUR"]
[Date "2003.06.05"]
[Round "6.63"]
[White "Zaja, Ivan"]
[Black "Cherniaev, Alexander"]
[Result "1-0"]
[WhiteElo "2417"]
[BlackElo "2501"]
[EventDate "2003.05.30"]
[PlyCount "59"]

1.d4 Nf6 2.c4 g6 3.Nc3 d5 4.Nf3 Bg7 5.Bg5 c5 6.Bxf6 Bxf6 7.cxd5 Qb6 8.e3 
cxd4 9.Bb5+ Bd7 10.Nxd4 Bxb5 11.Ncxb5 a6 12.Nc3 Qxb2 13.Rc1 Nd7 14.O-O O-O
15.Rc2 Qb6 16.Qg4 Rfd8 17.Rb1 Qa7 18.d6 Ne5 19.Qe4 Rxd6 20.Rxb7 Qc5 21.Rb5
axb5 22.Qxa8+ Kg7 23.g3 Rd7 24.Ncxb5 Qb4 25.Rc8 h6 26.Rh8 Bg5 27.Qf8+ Kf6 
28.Rg8 Rxd4 29.Nxd4 Qb1+ 30.Kg2 1-0

[Event "4th EUR-ch"]
[Site "Istanbul TUR"]
[Date "2003.06.05"]
[Round "6.65"]
[White "Fridmans, Daniels"]
[Black "Grigoriants, Sergei"]
[Result "1/2-1/2"]
[WhiteElo "2621"]
[BlackElo "2506"]
[EventDate "2003.05.30"]
[PlyCount "143"]

1.Nf3 Nf6 2.c4 b6 3.g3 c5 4.Bg2 Bb7 5.O-O e6 6.Nc3 Be7 7.b3 O-O 8.Bb2 a6 
9.e3 Nc6 10.Rc1 Rc8 11.d4 cxd4 12.Nxd4 Rc7 13.Nde2 Qb8 14.Nf4 Na7 15.e4 d6
16.Qe2 Rfc8 17.Nb1 Qa8 18.Nd2 Nc6 19.Rfe1 Nd7 20.Rcd1 Nce5 21.Nd3 Nxd3 22.
Qxd3 b5 23.f4 Bf6 24.Bxf6 Nxf6 25.Bf3 d5 26.cxd5 exd5 27.e5 Qa7+ 28.Qe3 d4
29.Qf2 Nd5 30.Bxd5 Bxd5 31.Ne4 Rc2 32.Qxd4 Qxd4+ 33.Rxd4 Bxe4 34.Rdxe4 
Rxa2 35.R4e2 Rxe2 36.Rxe2 a5 37.Ra2 Ra8 38.Kf2 Kf8 39.Ke3 a4 40.Kd4 Ke7 
41.f5 g6 42.g4 gxf5 43.gxf5 axb3 44.Rb2 Ra4+ 45.Kd5 Rb4 46.h3 h5 47.h4 Kd7
48.f6 Rxh4 49.Rxb3 b4 50.Rb1 Rh2 51.Rxb4 Rd2+ 52.Ke4 Re2+ 53.Kf4 Rf2+ 54.
Ke3 Rf1 55.Rb6 h4 56.Rd6+ Ke8 57.Rd2 h3 58.Ke4 Re1+ 59.Kf4 Rf1+ 60.Kg3 Rf5
61.Rd5 Rh5 62.Kh2 Rh6 63.Rd3 Rh5 64.Rd5 Rh6 65.Ra5 Kd7 66.Ra7+ Ke6 67.Re7+
Kd5 68.Re8 Rh7 69.Kg1 h2+ 70.Kh1 Rh6 71.Re7 Rh8 72.Rxf7 1/2-1/2

[Event "4th EUR-ch"]
[Site "Istanbul TUR"]
[Date "2003.06.05"]
[Round "6.66"]
[White "Korneev, Oleg"]
[Black "Marcelin, Cyril"]
[Result "1-0"]
[WhiteElo "2606"]
[BlackElo "2503"]
[EventDate "2003.05.30"]
[PlyCount "71"]

1.e4 e5 2.Nf3 Nc6 3.Bb5 Nf6 4.O-O Nxe4 5.d4 Nd6 6.Bxc6 dxc6 7.dxe5 Nf5 8.
Qxd8+ Kxd8 9.Nc3 Be7 10.Rd1+ Ke8 11.Bg5 Bxg5 12.Nxg5 Ke7 13.Rd3 h6 14.Nf3 
g5 15.h3 Rd8 16.Rxd8 Kxd8 17.Rd1+ Ke7 18.g4 Ng7 19.Kg2 Bd7 20.Kg3 Rg8 21.
Ne4 Be6 22.Nf6 Rh8 23.b3 Ne8 24.Nxe8 Kxe8 25.Nd4 Bc8 26.Nf5 f6 27.exf6 Kf7
28.Rd3 Kxf6 29.f4 gxf4+ 30.Kxf4 a5 31.a4 Be6 32.h4 Rb8 33.h5 b5 34.Rd1 Rb6
35.axb5 Rxb5 36.Ra1 1-0

[Event "4th EUR-ch"]
[Site "Istanbul TUR"]
[Date "2003.06.05"]
[Round "6.67"]
[White "Hracek, Zbynek"]
[Black "De Vreugt, Dennis"]
[Result "1/2-1/2"]
[WhiteElo "2584"]
[BlackElo "2503"]
[EventDate "2003.05.30"]
[PlyCount "130"]

1.e4 e5 2.Nf3 Nc6 3.Bb5 a6 4.Ba4 Nf6 5.O-O Be7 6.Re1 b5 7.Bb3 O-O 8.d4 d6 
9.c3 Bg4 10.Be3 exd4 11.cxd4 Na5 12.Bc2 c5 13.h3 cxd4 14.Bxd4 Bh5 15.Nc3 
Nc6 16.g4 Bg6 17.Nh4 Nxd4 18.Qxd4 Nd7 19.Nf5 Bf6 20.Qxd6 Ne5 21.Red1 Bxf5 
22.gxf5 Qxd6 23.Rxd6 Nc4 24.Rc6 Nxb2 25.Nd5 Rfc8 26.Rxc8+ Rxc8 27.Bb3 Kf8 
28.Kg2 Bd4 29.Re1 a5 30.Re2 a4 31.Rd2 axb3 32.axb3 Bf6 33.Nxf6 gxf6 34.
Rxb2 Rc3 35.b4 h5 36.h4 Rd3 37.f3 Rc3 38.Kf2 Kg7 39.Ke2 Kf8 40.Rd2 Rc4 41.
Rb2 Rc3 42.Rb1 Kg7 43.Kf2 Kf8 44.Kg2 Rc2+ 45.Kg3 Rc3 46.Kf2 Kg7 47.Kg3 Kf8
48.Kf4 Kg7 49.Rb2 Kf8 50.Kg3 Kg7 51.Kf2 Rd3 52.Rb1 Rc3 53.f4 Rh3 54.Rd1 
Rxh4 55.Kg3 Rg4+ 56.Kf3 Rh4 57.Kg3 Rg4+ 58.Kf3 Rh4 59.Rd5 Rh3+ 60.Kf2 Rb3 
61.Rxb5 h4 62.Rb8 Rb2+ 63.Kg1 Re2 64.Re8 Rb2 65.Rb8 Re2 1/2-1/2

[Event "4th EUR-ch"]
[Site "Istanbul TUR"]
[Date "2003.06.05"]
[Round "6.68"]
[White "Vokarev, Sergei"]
[Black "Socko, Bartosz"]
[Result "1-0"]
[WhiteElo "2498"]
[BlackElo "2577"]
[EventDate "2003.05.30"]
[PlyCount "99"]

1.e4 e6 2.d4 d5 3.Nd2 b6 4.Ngf3 Nf6 5.exd5 exd5 6.Ne5 Bb7 7.Bb5+ c6 8.Bd3 
Be7 9.O-O O-O 10.Re1 c5 11.c3 cxd4 12.cxd4 Nbd7 13.Ndf3 Bb4 14.Re2 Ne4 15.
Nxd7 Qxd7 16.Ne5 Qd8 17.f3 Ng5 18.a3 Bd6 19.Qe1 Bc8 20.Be3 Qf6 21.Qg3 h6 
22.h4 Nh7 23.Rc1 Rd8 24.Qf4 Qxf4 25.Bxf4 Nf8 26.Be3 Bb7 27.Bf5 g6 28.Bh3 
h5 29.Rec2 Bxe5 30.dxe5 d4 31.Bg5 Rd5 32.f4 d3 33.Rd2 Ne6 34.Bxe6 fxe6 35.
Rc7 Ba6 36.Kf2 Rc8 37.Rxa7 Rc2 38.f5 Rxe5 39.Rxa6 Rxd2+ 40.Bxd2 Re2+ 41.
Kf3 e5 42.Ra8+ Kf7 43.fxg6+ Kxg6 44.Be3 Rxb2 45.Ke4 Rb3 46.Ra6 Kf7 47.g3 
Ke7 48.Kxe5 Rb2 49.Ra7+ Kd8 50.Ra4 1-0

[Event "4th EUR-ch"]
[Site "Istanbul TUR"]
[Date "2003.06.05"]
[Round "6.69"]
[White "Inarkiev, Ernesto"]
[Black "Shneider, Alexander"]
[Result "0-1"]
[WhiteElo "2568"]
[BlackElo "2497"]
[EventDate "2003.05.30"]
[PlyCount "181"]

1.e4 c5 2.Nf3 d6 3.d4 cxd4 4.Nxd4 Nf6 5.Nc3 a6 6.Be3 e5 7.Nb3 Be6 8.f3 
Nbd7 9.g4 Nb6 10.g5 Nh5 11.Qd2 Be7 12.O-O-O Rc8 13.Kb1 O-O 14.Rg1 g6 15.
Bd3 Qc7 16.Qf2 Nc4 17.Bxc4 Bxc4 18.Bb6 Qb8 19.Qd2 Be6 20.Nc1 Rc6 21.Be3 
Rfc8 22.N1e2 Qc7 23.Rc1 Rc4 24.Nd5 Bxd5 25.exd5 Qd7 26.b3 Rh4 27.Rg2 Qh3 
28.Rf2 Ng7 29.Re1 Qd7 30.Rg2 Nf5 31.Bf2 Rh3 32.Bg3 Qd8 33.f4 exf4 34.Ng1 
Rxg3 35.hxg3 fxg3 36.Nf3 Bf8 37.Re4 h6 38.Nd4 hxg5 39.Ne2 Bg7 40.c3 Qf6 
41.Kb2 b5 42.a3 a5 43.Qd3 Rb8 44.b4 axb4 45.axb4 Rc8 46.Rg1 Kh7 47.Kb3 Kg8
48.Rg2 Rb8 49.Rg1 Kh7 50.Rh1+ Kg8 51.Rg1 Qd8 52.Nxg3 Nxg3 53.Qxg3 Rc8 54.
Rc1 Qf6 55.Qe3 Rf8 56.Re8 Qf5 57.Rd1 g4 58.Rxf8+ Bxf8 59.Qe2 Qd7 60.Rg1 f5
61.c4 bxc4+ 62.Kxc4 Qc7+ 63.Kb3 Bg7 64.Qc4 Qe7 65.Rg2 Qe3+ 66.Ka4 g3 67.
Kb5 f4 68.Re2 Qf3 69.Re8+ Kh7 70.Re7 Kh6 71.Kc6 g2 72.b5 g1=Q 73.b6 Qff2 
74.Kd7 Qg4+ 75.Kc7 Qd4 76.Qc6 Bf6 77.Rd7 Qc5 78.Qxc5 dxc5 79.b7 f3 80.b8=Q
Qf4+ 81.d6 Qe5 82.Qf8+ Kg5 83.Rf7 Qe6 84.Rh7 Kf5 85.Re7 Qd5 86.Qc8+ Kg5 
87.Re3 Qd4 88.Re6 Qa4 89.Rxf6 Qa7+ 90.Kd8 Kxf6 91.d7 0-1

[Event "4th EUR-ch"]
[Site "Istanbul TUR"]
[Date "2003.06.05"]
[Round "6.70"]
[White "Jobava, Baadur"]
[Black "Bocharov, Dmitry"]
[Result "1-0"]
[WhiteElo "2566"]
[BlackElo "2492"]
[EventDate "2003.05.30"]
[PlyCount "43"]

1.e4 c5 2.Nf3 Nc6 3.d4 cxd4 4.Nxd4 Nf6 5.Nc3 d6 6.Bg5 Qb6 7.Nb3 e6 8.Qd2 
a6 9.f3 Be7 10.O-O-O O-O 11.g4 Rd8 12.h4 Qc7 13.Bxf6 Bxf6 14.g5 Bxc3 15.
Qxc3 b5 16.h5 b4 17.Qe3 a5 18.g6 a4 19.Nd4 Nxd4 20.Qxd4 b3 21.Bc4 bxa2 22.
Bxa2 1-0

[Event "4th EUR-ch"]
[Site "Istanbul TUR"]
[Date "2003.06.05"]
[Round "6.71"]
[White "Schandorff, Lars"]
[Black "Del Rio Angelis, Salvador Gabriel"]
[Result "1-0"]
[WhiteElo "2563"]
[BlackElo "2490"]
[EventDate "2003.05.30"]
[PlyCount "69"]

1.d4 Nf6 2.Nf3 g6 3.c4 Bg7 4.g3 O-O 5.Bg2 d6 6.O-O Nbd7 7.Nc3 e5 8.e4 c6 
9.b3 Qb6 10.d5 cxd5 11.cxd5 Nc5 12.Nd2 Bd7 13.Nc4 Qa6 14.Re1 b5 15.Nd2 
Rac8 16.a4 b4 17.Na2 Qb7 18.Nc4 Ne8 19.Bd2 f5 20.Bxb4 Nxe4 21.Bxe4 fxe4 
22.Bxd6 Rxc4 23.bxc4 Nxd6 24.c5 Qc8 25.cxd6 Bg4 26.Qb3 Qf5 27.Qc2 Bh6 28.
Nc3 Bf3 29.Nd1 Rc8 30.Qb2 Qd7 31.Ne3 Qxd6 32.Rec1 Rf8 33.Qb7 Bxe3 34.fxe3 
Qf6 35.Rc8 1-0

[Event "4th EUR-ch"]
[Site "Istanbul TUR"]
[Date "2003.06.05"]
[Round "6.72"]
[White "Wells, Peter"]
[Black "Conquest, Stuart"]
[Result "1/2-1/2"]
[WhiteElo "2487"]
[BlackElo "2556"]
[EventDate "2003.05.30"]
[PlyCount "60"]

1.d4 d6 2.Nf3 g6 3.c4 Bg7 4.Nc3 Bg4 5.e3 c5 6.Be2 cxd4 7.exd4 Nh6 8.h3 
Bxf3 9.Bxf3 Nc6 10.g4 Qd7 11.Be3 f5 12.Qd2 f4 13.Bxf4 Nxd4 14.Bd5 Nf7 15.
Be3 Nc6 16.f4 e6 17.Bg2 Rc8 18.O-O O-O 19.Rad1 b6 20.Ne4 Rfd8 21.b3 Kh8 
22.Kh1 Rc7 23.f5 gxf5 24.gxf5 exf5 25.Ng3 Ne7 26.Nh5 Be5 27.Bd4 Qe6 28.
Bxe5+ Nxe5 29.Rfe1 N7g6 30.Qg5 Rf8 1/2-1/2

[Event "4th EUR-ch"]
[Site "Istanbul TUR"]
[Date "2003.06.05"]
[Round "6.73"]
[White "Iliushin, Alexei"]
[Black "Pogorelov, Ruslan"]
[Result "1-0"]
[WhiteElo "2556"]
[BlackElo "2489"]
[EventDate "2003.05.30"]
[PlyCount "49"]

1.d4 Nf6 2.c4 e6 3.Nc3 Bb4 4.e3 c5 5.Ne2 b6 6.a3 Ba5 7.g3 Bb7 8.d5 Ne4 9.
Bg2 Nxc3 10.bxc3 d6 11.O-O e5 12.e4 Nd7 13.a4 O-O 14.Qd3 Qe7 15.f4 f5 16.
exf5 Rae8 17.g4 e4 18.Qc2 Ba6 19.Qb3 Nf6 20.g5 Nxd5 21.Rd1 Nc7 22.Ng3 e3 
23.Ra2 Rf7 24.Bf1 e2 25.Bxe2 1-0

[Event "4th EUR-ch"]
[Site "Istanbul TUR"]
[Date "2003.06.05"]
[Round "6.74"]
[White "Dvoirys, Semen"]
[Black "Kupreichik, Viktor"]
[Result "1/2-1/2"]
[WhiteElo "2552"]
[BlackElo "2484"]
[EventDate "2003.05.30"]
[PlyCount "76"]

1.e4 e5 2.Nf3 Nc6 3.Bb5 a6 4.Ba4 Nf6 5.O-O Be7 6.Re1 b5 7.Bb3 O-O 8.a4 b4 
9.d4 d6 10.h3 exd4 11.Nxd4 Nxd4 12.Qxd4 c5 13.Qd3 Bb7 14.Nd2 Re8 15.Nf3 d5
16.exd5 Bxd5 17.Bg5 Bxb3 18.Qxb3 h6 19.Bh4 Qd5 20.Rxe7 Rxe7 21.Qxd5 Nxd5 
22.Bxe7 Nxe7 23.Rd1 Rc8 24.Rd7 Nc6 25.Kf1 Kf8 26.Ke2 Ke8 27.Rb7 Na5 28.Ra7
Rc6 29.Kd3 Rd6+ 30.Ke4 Nc4 31.b3 Na3 32.Rc7 Nxc2 33.Rxc5 Re6+ 34.Re5 Rxe5+
35.Kxe5 Kd7 36.Kd5 Kc7 37.Kc5 f6 38.g4 g6 1/2-1/2

[Event "4th EUR-ch"]
[Site "Istanbul TUR"]
[Date "2003.06.05"]
[Round "6.75"]
[White "Palo, Davor"]
[Black "Areschenko, Alexander"]
[Result "1-0"]
[WhiteElo "2472"]
[BlackElo "2546"]
[EventDate "2003.05.30"]
[PlyCount "97"]

1.d4 Nf6 2.c4 g6 3.Nc3 Bg7 4.e4 d6 5.Nf3 O-O 6.Be2 Nbd7 7.O-O e5 8.Be3 c6 
9.d5 c5 10.Nd2 Ne8 11.g4 Bf6 12.Nf3 Be7 13.Kh1 Ng7 14.Rg1 Kh8 15.Qd2 Nf6 
16.Ne1 Bd7 17.Nd3 Qc8 18.f3 Ng8 19.f4 exf4 20.Bxf4 f6 21.b4 g5 22.Be3 cxb4
23.Nxb4 Nh6 24.h3 Nf7 25.Nd3 Bd8 26.Rac1 Ba5 27.Rgf1 Qd8 28.Bd4 Ne5 29.c5 
Rc8 30.Bxe5 dxe5 31.Qb2 Rb8 32.Qa3 a6 33.Rb1 Bc7 34.Na4 Qe8 35.Nb6 Bb5 36.
Qb4 Bxb6 37.cxb6 Qg6 38.a4 Bxd3 39.Bxd3 Rbc8 40.Rbc1 Qe8 41.Rc7 h5 42.Rfc1
Rb8 43.Kg2 Qg6 44.Rxb7 Rbd8 45.Bxa6 Rg8 46.Be2 Kh7 47.a5 Kh6 48.a6 Ne8 49.
gxh5 1-0

[Event "4th EUR-ch"]
[Site "Istanbul TUR"]
[Date "2003.06.05"]
[Round "6.76"]
[White "Tratar, Marko"]
[Black "Sturua, Zurab"]
[Result "1/2-1/2"]
[WhiteElo "2464"]
[BlackElo "2545"]
[EventDate "2003.05.30"]
[PlyCount "32"]

1.d4 Nf6 2.Nf3 c5 3.c4 cxd4 4.Nxd4 a6 5.Nc3 e6 6.e3 b6 7.Be2 Bb7 8.O-O Qc7
9.Bf3 Be7 10.Bxb7 Qxb7 11.b3 Nc6 12.Qf3 O-O 13.Bb2 Rab8 14.Nxc6 Qxc6 15.
Qxc6 dxc6 16.Ne2 Rfd8 1/2-1/2

[Event "4th EUR-ch"]
[Site "Istanbul TUR"]
[Date "2003.06.05"]
[Round "6.77"]
[White "Gershon, Alik"]
[Black "Mastrovasilis, Athanasios"]
[Result "0-1"]
[WhiteElo "2543"]
[BlackElo "2487"]
[EventDate "2003.05.30"]
[PlyCount "120"]

1.d4 d5 2.c4 e6 3.Nc3 Bb4 4.Nf3 dxc4 5.e4 b5 6.Bd2 a6 7.a4 Bb7 8.axb5 Bxc3
9.bxc3 axb5 10.Rxa8 Bxa8 11.Qb1 c6 12.e5 h6 13.Be2 Ne7 14.O-O Nd7 15.Qb2 
Nb6 16.Rb1 Ned5 17.Qc2 Qe7 18.Qc1 Bb7 19.Bd1 Kd7 20.Be1 Ra8 21.Nd2 Qa3 22.
Ne4 Qxc1 23.Rxc1 Nf4 24.Bf3 Nd3 25.Rb1 Nxe1 26.Rxe1 Ra3 27.Rc1 Ke7 28.Kf1 
Bc8 29.Ke1 f6 30.exf6+ gxf6 31.Kd2 f5 32.Nc5 Kd6 33.g4 Nd7 34.gxf5 exf5 
35.Rg1 Nxc5 36.dxc5+ Kxc5 37.Rg6 Bd7 38.Rxh6 Ra2+ 39.Kc1 Rxf2 40.Bd1 Kd5 
41.h4 c5 42.Rb6 f4 43.h5 Rh2 44.h6 Bf5 45.Rxb5 Rxh6 46.Rb8 Be4 47.Re8 Rf6 
48.Rd8+ Ke5 49.Re8+ Re6 50.Rc8 Rc6 51.Re8+ Re6 52.Rc8 Bc6 53.Kd2 Rd6+ 54.
Ke1 Ke4 55.Rf8 Ke3 56.Rf5 Re6 57.Be2 Rh6 58.Re5+ Be4 59.Bh5 f3 60.Kf1 Rxh5
0-1

[Event "4th EUR-ch"]
[Site "Istanbul TUR"]
[Date "2003.06.05"]
[Round "6.78"]
[White "Banikas, Hristos"]
[Black "Mastrovasilis, Dimitrios"]
[Result "1/2-1/2"]
[WhiteElo "2542"]
[BlackElo "2456"]
[EventDate "2003.05.30"]
[PlyCount "23"]

1.Nf3 c5 2.e4 Nc6 3.d4 cxd4 4.Nxd4 Nf6 5.Nc3 e5 6.Ndb5 d6 7.Nd5 Nxd5 8.
exd5 Nb8 9.c4 Be7 10.Bd3 O-O 11.O-O Nd7 12.Qc2 1/2-1/2